MARC details
| 000 -CABECERA |
| campo de control de longitud fija |
00837nam a2200229 a 4500 |
| 005 - FECHA Y HORA DE LA ÚLTIMA TRANSACCIÓN |
| campo de control |
20240911064723.0 |
| 008 - ELEMENTOS DE LONGITUD FIJA--INFORMACIÓN GENERAL |
| campo de control de longitud fija |
070814s2000 mx r 000 0 spa d |
| 020 ## - NÚMERO INTERNACIONAL NORMALIZADO PARA LIBROS |
| Número Internacional Estándar del Libro |
8476585810 |
| 035 ## - NÚMERO DE CONTROL DEL SISTEMA |
| Número de control de sistema |
UPN01000150872 |
| 049 ## - COLECCIÓN |
| Colección |
CG |
| 050 #4 - SIGNATURA TOPOGRÁFICA DE LA BIBLIOTECA DEL CONGRESO |
| Número de clasificación |
HM1206 |
| Número de documento/Ítem |
L8.7 |
| 100 1# - ASIENTO PRINCIPAL--NOMBRE PERSONAL |
| Nombre de persona |
Luhmann, Niklas, |
| Fechas asociadas al nombre |
1927-1998 |
| 245 13 - MENCIÓN DE TÍTULO |
| Título |
La realidad de los medios de masas / |
| Mención de responsabilidad, etc. |
Niklas Luhmann ; tr. y pról. de Javier Torres Nafarrate. |
| 260 ## - PUBLICACIÓN, DISTRIBUCIÓN, ETC. |
| Lugar de publicación, distribución, etc. |
Barcelona, Esp. : |
| Nombre del editor, distribuidor, etc. |
Anthropos : |
| -- |
Universidad Iberoamericana, |
| Fecha de publicación, distribución, etc. |
c2000. |
| 300 ## - DESCRIPCIÓN FÍSICA |
| Extensión |
xxiv, 179 p. |
| 440 #0 - MENCIÓN DE SERIE/ASIENTO SECUNDARIO--TÍTULO |
| Título |
Biblioteca A. |
| Designación de volumen o secuencia |
40. |
| Nombre de parte o sección de la obra |
Sociedad |
| 534 ## - NOTA SOBRE LA VERSIÓN ORIGINAL |
| Frase introductoria |
Traducción de: |
| Mención de título del original |
Die realität der massen medien |
| 650 #2 - ASIENTO SECUNDARIO DE MATERIA - TERMINO TEMATICO |
| Término de materia o nombre geográfico como elemento de entrada |
Medios masivos de comunicación |
| Subdivisión general |
Aspectos sociales |
| 9 (RLIN) |
5452 |
| 650 #4 - ASIENTO SECUNDARIO DE MATERIA - TERMINO TEMATICO |
| Término de materia o nombre geográfico como elemento de entrada |
MEDIOS MASIVOS DE COMUNICACION - |
| Subdivisión general |
AUDIENCIA |
| 650 #7 - ASIENTO SECUNDARIO DE MATERIA - TERMINO TEMATICO |
| Término de materia o nombre geográfico como elemento de entrada |
Comunicación |
| Subdivisión general |
Aspectos sociales |
| Fuente del encabezamiento o término |
|
| 9 (RLIN) |
6056 |
| 905 ## - TIPO DE MATERIAL |
| Tipo de material |
Libro |